| 000 | 00840nam a2200205 i 4500 | ||
|---|---|---|---|
| 001 | 164249 | ||
| 003 | ES-MaACL | ||
| 005 | 20250919063047.0 | ||
| 008 | 991214s1840 fr |||| | fre d | ||
| 040 |
_aCCPB | B _bspa _cCCPB | B |
||
| 100 | 1 |
_aSilvestre de Sacy, Antoine-Isaac, _d1758-1838 _9132262 |
|
| 245 | 1 | 0 |
_aPrincipes de grammaire générale _b: mis a la portée des enfants et propres a servir d'introduction a l'etude de toutes les langues / _cpar A. I. Sylvestre de Sacy. |
| 250 | _a7e éd. | ||
| 260 |
_aParis : _bchez L. Hachette, _c1840 ( _fImprimerie Panckoucke) |
||
| 300 |
_a264 p. ; _c19 cm. |
||
| 594 | _aEncabezamiento tomado de Larousse, P., "Grand. dict. univ. ...", t. XIV, p. 35. | ||
| 650 | 4 |
_aLengua francesa- _xGramática. _914220 |
|
| 852 |
_aES-MaACL _jD-426 _z-- Rust. |
||
| 999 |
_c164249 _d164249 |
||